Tous les albums d'H-F Thiéfaine - Statistiques

Statistiques générales
  • Ce quiz a été pris 25 fois
  • Le résultat moyen est 15 sur 18
Statistiques - réponses
Hint Réponse % Correct
1982 Soleil cherche futur
95%
1988 Eros über alles
90%
1996 La tentation du bonheur
90%
1998 Le bonheur de la tentation
90%
1986 Météo für nada
90%
1978 Tout corps vivant branché sur le secteur étant appelé à s'émouvoir
90%
1984 Alambic / Sortie-sud
86%
1980 De l'amour, de l'art ou du cochon ?
86%
2021 Géographie du vide
86%
1981 Dernières balises (avant mutation)
81%
1970 Autorisation de délirer
76%
1990 Chroniques bluesymentales
76%
1993 Fragments d'hébétude
76%
2014 Stratégie de l'inespoir
76%
2005 Scandale mélancolique
71%
2011 Suppléments de mensonge
71%
2001 Défloration 13
67%
2007 Amicalement blues
52%
Aucun quiz correspondant
Distribution des résultats
% des personnes avec chaque résultat
Percentile par nombre de réponses
Votre historique - résultats
Vous n’avez pas pris ce quiz